A. WESLEY POWELL LEARNING RESOURCE CENTRE (WPLRC)

Wonderful Place to Learn, Research & Collaborate

Human geography : (Record no. 986)

MARC details
000 -LEADER
fixed length control field 01633nam a2200505 a 4500
001 - ACCESSION NUMBER
control field 25935
003 - CONTROL NUMBER IDENTIFIER
control field UkOxU
005 - DATE AND TIME OF LATEST TRANSACTION
control field 20141013170835.0
008 - FIXED-LENGTH DATA ELEMENTS--GENERAL INFORMATION
fixed length control field 920601s1994 enk 001 0 eng d
020 ## - INTERNATIONAL STANDARD BOOK NUMBER
International Standard Book Number 0333452518 (pbk)
020 ## - INTERNATIONAL STANDARD BOOK NUMBER
International Standard Book Number 033345250X
040 ## - CATALOGING SOURCE
Original cataloging agency UkOxU
Language of cataloging eng
Transcribing agency UkOxU
082 ## - DEWEY DECIMAL CLASSIFICATION NUMBER
Classification number 910
092 ## - LOCALLY ASSIGNED DEWEY CALL NUMBER (OCLC)
Classification number D0401179490
092 ## - LOCALLY ASSIGNED DEWEY CALL NUMBER (OCLC)
Classification number 10582839
092 ## - LOCALLY ASSIGNED DEWEY CALL NUMBER (OCLC)
Classification number 10582839
100 1# - MAIN ENTRY--PERSONAL NAME
Personal name Gregory, Derek,
Dates associated with a name 1951-
245 10 - TITLE STATEMENT
Title Human geography :
Remainder of title society, space and social science /
Statement of responsibility, etc. edited by Derek Gregory, Ron Martin and Graham Smith.
260 ## - PUBLICATION, DISTRIBUTION, ETC. (IMPRINT)
Place of publication, distribution, etc. London :
Name of publisher, distributor, etc. Macmillan,
Date of publication, distribution, etc. 1994.
300 ## - PHYSICAL DESCRIPTION
Extent x, 294 p. :
Other physical details ill. ;
Dimensions 22 cm.
500 ## - GENERAL NOTE
General note Includes index
650 #0 - SUBJECT ADDED ENTRY--TOPICAL TERM
Topical term or geographic name as entry element Human geography
700 1# - ADDED ENTRY--PERSONAL NAME
Personal name Martin, Ron
Fuller form of name (Ron L.)
700 1# - ADDED ENTRY--PERSONAL NAME
Personal name Smith, Graham,
Dates associated with a name 1953-1999.
942 ## - ADDED ENTRY ELEMENTS (KOHA)
Source of classification or shelving scheme Dewey Decimal Classification
Koha item type Books
Holdings
Withdrawn status Lost status Source of classification or shelving scheme Damaged status Not for loan Home library Current library Date acquired Total Checkouts Full call number Barcode Date last seen Price effective from Koha item type
    Dewey Decimal Classification   Not For Loan Wesley Powell Learning Resource Centre Wesley Powell Learning Resource Centre 10/13/2014   RBC/910 GRE 25935 10/13/2014 10/13/2014 Books